000 00376 a2200145 4500
999 _c8487
_d8487
020 _a0869227351
050 _aPS3561MAH2000
100 _aMahachi-Harper, S.N.
245 _aTrials and tribulations /
_cS.N Mahachi-Harper
264 _aGweru
_bMambo Press
_c2000
300 _a86p.
500 _aNone
650 _aEnglish Literature---Fiction
942 _2lcc
_cBK
_h3561
_iMAH
_kPS